000 00986nab a2200229 i 4500
001 180769
003 ES-MaACL
005 20250903221050.0
008 120711s1913 sp 000 0 spa d
100 1 _aCierva y Peñafiel, Juan de la,
_d1864-1938
_eaut
_938791
245 1 0 _aInforme pronunciado ante la Sala Primera en defensa de D. Ramón Musso, como representante de su hija Dª María Josefa Musso Garrigues /
_cpor Juan de la Cierva
300 _aPáginas 1-38
594 _5Precede al título: Discursos forenses ante el Tribunal Supremo
599 _aRetrato del autor en portada
600 1 4 _aMusso Cánovas, Ramón,
_dca. 1867-1936
_9174671
600 1 0 _aMusso Garrigues, María Josefa,
_d1895-
_9226905
655 4 _aDictámenes
_9242126
710 1 _aEspaña.
_bTribunal Supremo
_eisb
_94004
773 0 _tLa Palabra : revista taquigráfica,
_xISSN 2479-7723,
_gN. 5 (1 marzo 1913), p. 1-38
_02879
_92987
_w2879
942 _cANAB
_2udc
_n0
999 _c180769
_d180769